000 00704nam a2200229 a 4500
001 BRCA_3979
005 20190320204511.0
008 140110s1948----gw-c######---#000-0#ger-#
041 _ager
044 _agw
050 4 _aNA7741.W8
_b.F74 1948
100 1 _aFreeden, Max Hermann von
_910343
245 1 0 _aWürzburgs Residenz und Fürstenhof zur Schönbornzeit
_cMax H. von Freeden.
260 _aWurzburgo, Alemania
_bFreunde Mainfrankischer Kunst und Geschichte
_c1948
300 _a41 p.
_bil., retratos
_c21 cm.
500 _aCDE56
600 1 4 _aSchonborn, Familia
_910344
650 1 4 _aArquitectura
_zAlemania
_910345
651 4 _aWurzburgo
_xResidencia
_910346
902 _aGFM
942 _2lcc
_cB
999 _c3705
_d3705